Analisis de los Disenos de servicios propios de las plantas hidroelectricas de Costa Rica
में बचाया:
| मुख्य लेखक: | |
|---|---|
| स्वरूप: | थीसिस पुस्तक |
| भाषा: | Undetermined |
| प्रकाशित: |
1986
|
| विषय: | |
| टैग: |
टैग जोड़ें
कोई टैग नहीं, इस रिकॉर्ड को टैग करने वाले पहले व्यक्ति बनें!
|
MARC
| LEADER | 00000nam a2200000Ia 4500 | ||
|---|---|---|---|
| 001 | 4239 | ||
| 008 | 140114s9999 xx 000 0 und d | ||
| 100 | |a Sanchez Tacsan, Benjamin | ||
| 245 | |a Analisis de los Disenos de servicios propios de las plantas hidroelectricas de Costa Rica | ||
| 260 | |c 1986 | ||
| 500 | |a NULL | ||
| 502 | |a Escuela de ingenieria Electrica | ||
| 650 | |z SERVICIOS PROPIOS DE LAS PLANTAS HIDROELECTRICAS | ||
| 999 | |c 11706 |d 11706 | ||
